• 首页
  • 本馆介绍
  • 公告通知
  • 最新文献
  • 馆藏检索
  • 电子资源
  • 读者导购
  • 参考咨询
  • 我的图书馆
  • 登录
  • 详细信息显示
  • 放入我的书架
  • 预约/预借图书
  • 作者相关作品
  • 分类相关作品
  • 丛书相关作品
  • 出版社相关作品

书目信息

  • 表格格式
  • 工作单格式
  • 卡片格式
题名:
黄梅雨
    
 
作者: 蒋和森 著
分册:  
出版信息: 上海   上海文艺出版社  1985
页数: 546页
开本: 19cm
丛书名:
单 册:
中图分类: I247.53 , I242.4
科图分类:
主题词: 历史小说--中国--现代 , 长篇小说--中国--现代
电子资源:
ISBN:
000 00631nam0 2200241 450
001 1551684070
005 20150127142153.48
010    @dCNY3.00
091    @a10078.3554
100    @a19901101d1985 em y0chiy0110 ea
101 0  @achi
102    @aCN@b310000
105    @af z 000ad
200 1  @a黄梅雨@9huang mei yu@f蒋和森著
210    @a上海@c上海文艺出版社@d1985
215    @a546页@c图@d19cm
606 0  @a历史小说@y中国@z现代
606 0  @a长篇小说@y中国@z现代
690    @aI247.53@v5
690    @aI242.4@v4
701  0 @a蒋和森@9jiang he sen@f(1930.7~)@4著
801  0 @aCN@bTSSF@c20150127
905    @aZUCC@dI242.4@eJY46
    
    黄梅雨/蒋和森著.-上海:上海文艺出版社,1985
    546页:图;19cm
    
    
    ISBN :CNY3.00
    
●
相关链接 在E读中查询图书 在五车中查询图书 在当当中查询图书 在豆瓣中查询图书


正题名:黄梅雨     索取号:I242.4/JY46         预约/预借

序号 登录号 条形码 馆藏地/架位号 状态 备注
1 7839012   278390126   学院路分馆/ [索取号:I242.4/JY46] 在馆    
2 7839013   278390135   学院路分馆/ [索取号:I242.4/JY46] 在馆    
唐山师范学院图书馆 欢迎您!
大连网信软件有限公司© 版权所有